As irregularidades no consumo de energia elťrica doutrina, jurisprudn̊cia, legislaȯ̂ /

Bibliographic Details
Main Author: da Rocha, Fb̀io Amorim
Format: eBook
Language:Portuguese
Published: Rio de Janeiro: Synergia Editora, 2011
Subjects:
Online Access:Acceso restringido

MARC

LEADER 00000nam a22000007a 4500
005 20190817001839.0
007 cr|||| ||||
008 190817s2011 br |||||s|||| 00||0 por d
020 |a 978-85-61325-45-9 
035 |a 24110 
040 |a vLex 
090 |c 9228  |d 9228 
100 1 |a da Rocha, Fb̀io Amorim 
245 1 2 |a As irregularidades no consumo de energia elťrica  |h [Recurso electrn̤ico] :  |b doutrina, jurisprudn̊cia, legislaȯ̂ /  |c Fb̀io Amorim da Rocha 
256 |a Servicio en ln̕ea 
260 |a Rio de Janeiro:  |b Synergia Editora,  |c 2011 
300 |a 1 recurso electrn̤ico 
500 |a A Light gasta anualmente cerca de R$ 450 milhe̳s com a compra de energia para ser furtada diretamente da rede de distribuiȯ̂ ou indiretamente, por meio de fraude na mediȯ̂. Desse montante, cerca de R$ 60 milhe̳s foram pagos em 2009 pelos acionistas e os restantes R$ 390 milhe̳s pelos consumidores honestos. Quando era Diretor-Geral da ANEEL, havia cogitado de livrar o consumidor honesto desta carga, diminuindo a tarifa e jogando todo o n̥us nas costas do acionista. Nô apenas no caso Light, mas nos casos de todas as demais 63 distribuidoras. Logo me dei conta que eu seria mais um dirigente pb︢lico bem intencionado a povoar o inferno. Isso porque menos de 5 do que o consumidor paga na conta de luz correspondem ao lucro regulatr̤io dos acionistas das distribuidoras de eletricidade. No caso da Light esse lucro regulatr̤io em 2009 foi da ordem de R$ 270 milhe̳s, que ̌um valor inferior ao custo da energia furtada. Ou seja, caso o regulador fosse louco ou demagogo, a concessô ficaria inviv̀el em mďio prazo. Obviamente, ̌importante diminuir a conta de luz dos consumidores honestos obrigando os desonestos a pagarem o que consomem. Porm̌, isso nô ̌tudo: o combate ao furto de energia e de equipamentos elťricos principalmente cabos de cobre transcende o domn̕io da economia. Trata-se de um combate em defesa do processo civilizatr̤io e contra a barbr̀ie. Trata-se de saber se o que vai prevalecer em nosso pas̕ sô as regras de convivn̊cia de uma sociedade que respeita os interesses coletivos ou a anomia resultante da colagem dos interesses individuais. Fb̀io Amorim da Rocha aborda o assunto com profundidade e abrangn̊cia. Com esse livro, ele contribui para o correto tratamento do furto de energia e identifica os interesses difusos da sociedade, que constitucionalmente devem ser defendidos pelo Ministřio Pb︢lico. Tudo com profundidade e abrangn̊cia. Trata-se de leitura obrigatr̤ia para qualquer operador de direito que atue ou tenha intenȯ̂ de atuar no Setor Elťrico. 
506 1 |a Disponible solo en los productos indicados  |d vLex Global  |d vLex Global (Academic Edition, excluding Law Schools)  |d vLex Global (U.S. Academic Edition, Law Schools)  |d vLex Global (U.S. Academic Edition, excluding Law Schools)  |d vLex Global (Academic Edition, Law Schools) 
650 0 4 |a Energa̕  |z Brasil 
650 0 4 |a Electricidad  |z Brasil 
740 0 |a vLex Libros (Servicio en ln̕ea) 
856 4 0 |u http://vlex.com/source/as-irregularidades-no-consumo-de-energia-eletrica-doutrina-jurisprud-ncia-legisla-o-24110  |z Acceso restringido 
942 |c BOOK 
999 0 |a Energy 
999 0 |a Electricity